Good In Goodbye - Madison Beer - All Lyrics - Statistics

General Stats
  • This quiz has been taken 257 times
  • The average score is 242 of 300
Answer Stats
Answer % Correct
"I"
98%
I
98%
"U"
98%
You
97%
you
97%
a
95%
in
94%
In
94%
me
94%
on
92%
the
92%
we
92%
your
92%
G-O-O-D
91%
goodbye
91%
Goodbye
91%
got
90%
love
90%
Boy,
89%
boy,
89%
to
89%
"ex"
87%
no
87%
"over"
87%
put
87%
my
85%
try,
85%
try
85%
just
84%
"next"
84%
"next”
84%
"lover,"
82%
You're
82%
you're
82%
how
81%
Ain't
80%
ain't
80%
Ain’t
80%
blood
80%
do
80%
"trouble",
80%
hands,
79%
it's
79%
It’s
79%
met
78%
since
77%
toxic,
77%
find
74%
even
73%
'Cause
72%
‘Cause
72%
for
72%
like
71%
I'll
70%
vibe
70%
days
69%
But
68%
cannot
68%
take
68%
bullet
67%
killing
67%
week
67%
(Week)
67%
describe
66%
one
65%
prove
65%
Only
64%
gotta
63%
Nine
63%
of
63%
words
63%
gun
62%
would
62%
are
61%
out
61%
treated
61%
Mondays
60%
holding
59%
row
59%
(Row)
59%
All
58%
all
58%
I’m
58%
plead?
58%
see
58%
ways
58%
treason
57%
time
54%
some
53%
shit
52%
couldn't
50%
tryna
50%
eight
49%
These
47%
been
44%
People
44%
get
43%
tantrums
39%
focused,
38%
old
38%
(Old)
38%
sweet
38%
bitter,
36%
notice
36%
started
34%
No matching quizzes found
Score Distribution
Percent of People with Each Score
Percentile by Number Answered
Your Score History
You have not taken this quiz